[Event "Caioba Telecom op"]
[Site "Caioba"]
[Date "2017.09.30"]
[Round "6"]
[White "Souza, Gustavo Horokoski"]
[Black "De Souza, Maria Luiza Ferreir"]
[Result "1-0"]
[WhiteElo "2002"]
[BlackElo "1654"]
[PlyCount "61"]
[EventDate "2017.09.28"]
[EventType "swiss"]
[EventRounds "8"]
[EventCountry "BRA"]
[SourceTitle "EXT 2020"]
[Source "ChessBase"]
[SourceDate "2019.10.17"]
[SourceVersion "1"]
[SourceVersionDate "2019.10.17"]
[SourceQuality "1"]

1. d4 d5 2. c4 e6 3. Nc3 c6 4. e4 dxc4 5. Bxc4 Nf6 6. Nge2 Be7 7. 0-0 Nbd7 8. Bf4 0-0 9. Qd3 Nh5 10. Be3 b5 11. Bb3 Nc5 12. Qd1 Nxb3 13. Qxb3 a6 14. Rac1 Bb7 15. Na4 Nf6 16. f3 Nd7 17. Nc5 Nxc5 18. dxc5 e5 19. Qc3 Bf6 20. Ng3 g6 21. Rcd1 Qe7 22. Rd6 Rfd8 23. Rfd1 Rxd6 24. cxd6 Qd7 25. Nf1 a5 26. a3 a4 27. Bc5 Bg7 28. Ne3 f6 29. Nc2 Bf8 30. Nb4 Bc8 31. Qc1 1-0

[Event "Caioba Telecom op"]
[Site "Caioba"]
[Date "2017.09.29"]
[Round "3"]
[White "De Souza, Maria Luiza Ferreir"]
[Black "Deus Filho, Joaquim"]
[Result "0-1"]
[WhiteElo "1654"]
[BlackElo "1966"]
[PlyCount "138"]
[EventDate "2017.09.28"]
[EventType "swiss"]
[EventRounds "8"]
[EventCountry "BRA"]
[SourceTitle "EXT 2018"]
[Source "ChessBase"]
[SourceDate "2017.10.13"]
[SourceVersion "1"]
[SourceVersionDate "2017.10.13"]
[SourceQuality "1"]

1. e4 e6 2. d4 b6 3. Nf3 Bb7 4. Nc3 Nf6 5. Bg5 Be7 6. Bd3 h6 7. Be3 Bb4 8. e5 Ne4 9. Bd2 Bxc3 10. Bxc3 Nxc3 11. bxc3 Nc6 12. 0-0 d6 13. Re1 dxe5 14. Nxe5 Nxe5 15. Rxe5 Qf6 16. Qe2 0-0 17. Rb1 Rfd8 18. a4 a5 19. Qe3 Qe7 20. Re1 Qd7 21. Ra1 Bc6 22. Bb5 Bxb5 23. Rxb5 Qc6 24. Qd3 Qd6 25. Rd1 Rab8 26. c4 Qf4 27. c3 Rd7 28. c5 Rdd8 29. Rdb1 e5 30. cxb6 cxb6 31. g3 Qf6 32. d5 Qd6 33. c4 Rdc8 34. Qb3 Kf8 35. Kf1 Rc5 36. Rxc5 Qxc5 37. Qc3 f6 38. Rb5 Qd6 39. Qb3 Qc7 40. c5 Qd7 41. Rxb6 Rc8 42. Rb8 Kf7 43. Rxc8 Qxc8 44. Qb5 Qh3+ 45. Kg1 Qg4 46. d6 Qd1+ 47. Kg2 Qd5+ 48. Kg1 Qd1+ 49. Qf1 Qxa4 50. Qc1 Qc6 51. Qc4+ Kg6 52. Qe6 a4 53. Qg4+ Kf7 54. d7 Qc7 55. Qxa4 Ke7 56. c6 Qb6 57. Qa3+ Ke6 58. Qd3 Ke7 59. Kg2 Qxc6+ 60. Kh3 Qxd7+ 61. Qxd7+ Kxd7 62. Kg4 g6 63. Kf3 Kc6 64. Ke4 f5+ 65. Ke3 Kd5 66. f3 g5 67. f4 gxf4+ 68. gxf4 e4 69. h3 Kc4 0-1

[Event "BRA-ch U18 Girls"]
[Site "Itajai"]
[Date "2017.06.03"]
[Round "4"]
[White "De Souza, Maria Luiza Ferreir"]
[Black "Bail, Ellen Larissa"]
[Result "1-0"]
[WhiteElo "1627"]
[BlackElo "1734"]
[PlyCount "63"]
[EventDate "2017.06.01"]
[EventType "swiss"]
[EventRounds "6"]
[EventCountry "BRA"]
[SourceTitle "CBM 179 Extra"]
[Source "ChessBase"]
[SourceDate "2017.08.23"]
[SourceVersion "1"]
[SourceVersionDate "2017.08.23"]
[SourceQuality "1"]

1. e4 c5 2. Nf3 d6 3. d4 cxd4 4. Nxd4 Nf6 5. Nc3 g6 6. Be3 Bg7 7. f3 Nc6 8. Qd2 0-0 9. Bc4 Bd7 10. 0-0-0 Rc8 11. Bb3 Ne5 12. Kb1 Nc4 13. Bxc4 Rxc4 14. g4 b5 15. b3 Rc8 16. Ndxb5 Bxb5 17. Nxb5 a6 18. Nd4 Qc7 19. h4 e5 20. Ne2 h5 21. gxh5 Nxh5 22. Rhg1 Kh7 23. f4 Rb8 24. Rc1 Rfd8 25. Ng3 Nxf4 26. Bxf4 exf4 27. Ne2 Qe7 28. Qd5 Bf6 29. h5 g5 30. Qf5+ Kh6 31. Nxf4 gxf4 32. Rg6+ 1-0

[Event "Curitiba IEP&Copel op"]
[Site "Curitiba"]
[Date "2017.05.14"]
[Round "6"]
[White "Almeida Junior, Alvaro Alves de"]
[Black "De Souza, Maria Luiza Ferreir"]
[Result "1-0"]
[WhiteElo "2096"]
[BlackElo "1639"]
[PlyCount "55"]
[EventDate "2017.05.12"]
[EventType "swiss"]
[EventRounds "6"]
[EventCountry "BRA"]
[SourceTitle "CBM 178 Extra"]
[Source "ChessBase"]
[SourceDate "2017.06.22"]
[SourceVersion "1"]
[SourceVersionDate "2017.06.22"]
[SourceQuality "1"]

1. e4 c5 2. Nf3 a6 3. a4 e6 4. Nc3 Nc6 5. d4 cxd4 6. Nxd4 Nf6 7. g3 d5 8. Nxc6 bxc6 9. Bg2 Bb7 10. 0-0 Be7 11. e5 Nd7 12. Qg4 g6 13. Re1 0-0 14. Bh6 Re8 15. Rad1 Qb6 16. Qf4 Qxb2 17. Rb1 Qxc3 18. Re3 Qxc2 19. Rxb7 Rad8 20. g4 Qc1+ 21. Bf1 Bc5 22. Rc7 Bf8 23. Bg5 Be7 24. Bf6 Nxf6 25. Rxe7 Qa1 26. exf6 Rxe7 27. Ra3 Qd1 28. Qh6 1-0

[Event "Florianopolis op 3rd"]
[Site "Florianopolis"]
[Date "2017.01.20"]
[Round "1"]
[White "De Souza, Maria Luiza Ferreir"]
[Black "Ribeiro, Vanio Melo"]
[Result "1-0"]
[WhiteElo "1612"]
[BlackElo "1815"]
[PlyCount "32"]
[EventDate "2017.01.20"]
[EventType "swiss"]
[EventRounds "10"]
[EventCountry "BRA"]
[SourceTitle "CBM 176 Extra"]
[Source "ChessBase"]
[SourceDate "2017.03.02"]
[SourceVersion "1"]
[SourceVersionDate "2017.03.02"]
[SourceQuality "1"]

1. e4 Nf6 2. e5 Nd5 3. d4 d6 4. c4 Nb6 5. exd6 exd6 6. Nc3 Be7 7. Nf3 0-0 8. Be2 Bf5 9. 0-0 Re8 10. Be3 Bf6 11. Rc1 Nc6 12. d5 Ne5 13. Nd4 Bg6 14. b3 h6 15. Qd2 a6 16. a4 Rc8 1-0

[Event "Caioba Telecom op"]
[Site "Caioba"]
[Date "2016.08.28"]
[Round "5"]
[White "De Souza, Maria Luiza Ferreir"]
[Black "Correa, Ariane Miranda"]
[Result "0-1"]
[WhiteElo "1556"]
[BlackElo "1811"]
[PlyCount "95"]
[EventDate "2016.08.26"]
[EventType "swiss"]
[EventRounds "6"]
[EventCountry "BRA"]
[SourceTitle "CBM 174 Extra"]
[Source "ChessBase"]
[SourceDate "2016.10.10"]
[SourceVersion "1"]
[SourceVersionDate "2016.10.10"]
[SourceQuality "1"]

1. e4 c5 2. Nf3 d6 3. d4 cxd4 4. Nxd4 Nf6 5. Nc3 g6 6. Be3 Bg7 7. f3 Nc6 8. Qd2 0-0 9. Bc4 Bd7 10. 0-0-0 Rc8 11. Bb3 Ne5 12. h4 h5 13. Bg5 Rc5 14. g4 hxg4 15. f4 Nc4 16. Bxc4 Rxc4 17. e5 Nh5 18. Qe2 Rxc3 19. bxc3 Qa5 20. Qd3 dxe5 21. Nb3 Qa3+ 22. Kb1 Bf5 23. Qd2 f6 24. fxe5 fxg5 25. hxg5 Rc8 26. Qd5+ e6 27. Qxb7 Rxc3 28. Rd8+ Bf8 29. Nd4 Rc4 30. Qb2 Rb4 31. Nb3 Qxb2+ 32. Kxb2 a5 33. c3 Rb5 34. a4 Rxe5 35. Nd4 g3 36. Rg1 Kf7 37. Rd7+ Ke8 38. Ra7 Rd5 39. Nxf5 Rxf5 40. Ra8+ Kf7 41. Ra7+ Be7 42. Kb3 Rxg5 43. Rf1+ Rf5 44. Rg1 Kf6 45. Ra6 Bc5 46. Re1 Re5 47. Rf1+ Bf2 48. Ra8 0-1

[Event "Caioba Telecom op"]
[Site "Caioba"]
[Date "2016.08.27"]
[Round "3"]
[White "De Souza, Maria Luiza Ferreir"]
[Black "Montufar Berrios, Eymi Priscila"]
[Result "0-1"]
[WhiteElo "1556"]
[BlackElo "1835"]
[PlyCount "102"]
[EventDate "2016.08.26"]
[EventType "swiss"]
[EventRounds "6"]
[EventCountry "BRA"]
[SourceTitle "CBM 174 Extra"]
[Source "ChessBase"]
[SourceDate "2016.10.10"]
[SourceVersion "1"]
[SourceVersionDate "2016.10.10"]
[SourceQuality "1"]

1. e4 c5 2. Nf3 d6 3. d4 cxd4 4. Nxd4 Nf6 5. Nc3 a6 6. f3 e5 7. Nb3 Be6 8. Be3 Be7 9. Qd2 0-0 10. 0-0-0 Nbd7 11. g4 b5 12. Qf2 Qc7 13. g5 Ne8 14. Nd5 Qd8 15. Nxe7+ Qxe7 16. h4 Nc7 17. Bh3 Bxh3 18. Rxh3 Rfd8 19. Kb1 Ne6 20. Na5 Nb8 21. Qd2 Qc7 22. Qd5 Nd7 23. Nc6 Nf4 24. Bxf4 Nb6 25. Qd3 Qxc6 26. Bxe5 Qc8 27. Bxg7 Qxh3 28. Bh6 Nc4 29. Qd4 Ne5 30. f4 Qc8 31. fxe5 dxe5 32. Qg1 Rxd1+ 33. Qxd1 Qd8 34. Qf1 Qd6 35. b3 Rd8 36. Qf6 Qxf6 37. gxf6 Rd4 38. Kc1 Rxe4 39. Bg5 Kf8 40. Kd2 Ke8 41. Kd3 Rd4+ 42. Ke3 b4 43. Kf3 Kd7 44. Kg3 Ke6 45. Be3 Rd1 46. Bc5 Rd2 47. Bxb4 Rxc2 48. a3 Kxf6 49. Kg4 Rg2+ 50. Kh3 Rg8 51. Bc3 Kf5 0-1

[Event "BRA-ch U18 Girls"]
[Site "Itajai"]
[Date "2016.06.10"]
[Round "3"]
[White "De Souza, Maria Luiza Ferreir"]
[Black "Dos Anjos, Diovana Ferreira"]
[Result "1-0"]
[WhiteElo "1552"]
[BlackElo "1601"]
[PlyCount "63"]
[EventDate "2016.06.09"]
[EventType "swiss"]
[EventRounds "6"]
[EventCountry "BRA"]
[SourceTitle "CBM 172 Extra"]
[Source "ChessBase"]
[SourceDate "2016.06.21"]
[SourceVersion "1"]
[SourceVersionDate "2016.06.21"]
[SourceQuality "1"]

1. e4 c5 2. Nf3 Nc6 3. d4 cxd4 4. Nxd4 g6 5. Nc3 Bg7 6. Be3 Nf6 7. f3 a6 8. Qd2 d6 9. Bc4 Bd7 10. 0-0-0 b5 11. Bb3 Ne5 12. Rhe1 0-0 13. Bg5 Rc8 14. f4 Nc6 15. e5 dxe5 16. fxe5 Ng4 17. Nxc6 Bxc6 18. Qe2 Bd7 19. e6 b4 20. Rxd7 Qa5 21. exf7+ Kh8 22. Rd5 Qc7 23. Qxg4 bxc3 24. Rxe7 cxb2+ 25. Kb1 Qxh2 26. Rd1 h5 27. Qf3 Rc3 28. Qf1 Rc6 29. Re8 Qc7 30. Rxf8+ Bxf8 31. Rd8 Kg7 32. Rxf8 1-0

[Event "BRA-ch U18 Girls"]
[Site "Itajai"]
[Date "2016.06.09"]
[Round "1"]
[White "De Souza, Maria Luiza Ferreir"]
[Black "Nunes, Agatha Hurba"]
[Result "0-1"]
[WhiteElo "1552"]
[BlackElo "1825"]
[PlyCount "112"]
[EventDate "2016.06.09"]
[EventType "swiss"]
[EventRounds "6"]
[EventCountry "BRA"]
[SourceTitle "CBM 172 Extra"]
[Source "ChessBase"]
[SourceDate "2016.06.21"]
[SourceVersion "1"]
[SourceVersionDate "2016.06.21"]
[SourceQuality "1"]

1. e4 e6 2. d4 d5 3. e5 c5 4. c3 Qb6 5. Nf3 Nc6 6. Be2 Nh6 7. Na3 cxd4 8. cxd4 Nf5 9. Nc2 Bb4+ 10. Kf1 h5 11. a3 Be7 12. b4 Bd7 13. Bb2 g5 14. h3 0-0-0 15. Nh2 h4 16. Ng4 Rdf8 17. Rc1 Kb8 18. Kg1 f6 19. exf6 Bxf6 20. Nxf6 Rxf6 21. Qd2 Rhf8 22. Bf3 Rg6 23. Bc3 Nd6 24. Ne3 Nc4 25. Nxc4 dxc4 26. Rf1 Rf4 27. Bxc6 Qxc6 28. d5 exd5 29. Be5+ Kc8 30. Bxf4 c3 31. Qc2 gxf4 32. f3 d4 33. Rd1 Qf6 34. Kh2 Bf5 35. Qe2 d3 36. Rxd3 Bxd3 37. Qxd3 Qc6 38. Qf5+ Qe6 39. Qxf4 Qd6 40. Qxd6 Rxd6 41. Rc1 Rd3 42. Rc2 Kd7 43. Kg1 Kd6 44. Kf2 Kd5 45. Ke2 Kc4 46. a4 Rd7 47. b5 Kb3 48. Rc1 Kb2 49. Rf1 c2 50. f4 c1Q 51. Rxc1 Kxc1 52. Kf3 Rg7 53. f5 Rg3+ 54. Ke4 Rxg2 55. f6 Rf2 56. Ke5 Rf3 0-1

[Event "Florianopolis op 2nd"]
[Site "Florianopolis"]
[Date "2016.01.16"]
[Round "1"]
[White "Pereira, Geanfrancesco"]
[Black "De Souza, Maria Luiza Ferreir"]
[Result "1-0"]
[WhiteElo "2028"]
[BlackElo "1561"]
[PlyCount "39"]
[EventDate "2016.01.16"]
[EventType "swiss"]
[EventRounds "10"]
[EventCountry "BRA"]
[SourceTitle "CBM 170 Extra"]
[Source "ChessBase"]
[SourceDate "2016.02.25"]
[SourceVersion "1"]
[SourceVersionDate "2016.02.25"]
[SourceQuality "1"]

1. e4 c5 2. Nf3 a6 3. a4 Nc6 4. Nc3 e6 5. d4 cxd4 6. Nxd4 Bb4 7. Nxc6 Bxc3+ 8. bxc3 bxc6 9. Bd3 Ne7 10. 0-0 0-0 11. Ba3 Re8 12. f4 e5 13. f5 f6 14. Rf3 d5 15. Rh3 Qb6+ 16. Kh1 Nxf5 17. exf5 e4 18. Qh5 Bd7 19. Qxh7+ Kf7 20. Be2 1-0

[Event "South America-ch U16 Girls 12th"]
[Site "Santa Cruz"]
[Date "2015.12.03"]
[Round "3"]
[White "De Souza, Maria Luiza Ferreir"]
[Black "Monroy Garzon, Nataly Alejandra"]
[Result "0-1"]
[WhiteElo "1595"]
[BlackElo "2050"]
[PlyCount "52"]
[EventDate "2015.12.02"]
[EventType "swiss"]
[EventRounds "9"]
[EventCountry "BOL"]
[SourceTitle "CBM 170 Extra"]
[Source "ChessBase"]
[SourceDate "2016.02.25"]
[SourceVersion "1"]
[SourceVersionDate "2016.02.25"]
[SourceQuality "1"]

1. e4 c5 2. Nf3 Nc6 3. d4 cxd4 4. Nxd4 e5 5. Nb5 d6 6. N1c3 a6 7. Na3 b5 8. Nd5 Be7 9. Be3 Rb8 10. Bd3 Nf6 11. 0-0 0-0 12. c4 b4 13. Nc2 Nxd5 14. cxd5 Na5 15. Qd2 b3 16. Nb4 Ra8 17. Qe2 Bg5 18. axb3 Nxb3 19. Nc6 Qf6 20. Ra4 Nd4 21. Bxd4 exd4 22. Bxa6 Bd7 23. Bb7 Rae8 24. Qd3 Qg6 25. Re1 f5 26. Qxd4 fxe4 0-1

[Event "Matinhos Caioba-ch"]
[Site "Matinhos"]
[Date "2015.08.30"]
[Round "5"]
[White "Casarin, Luis Marcio Pinhatt"]
[Black "De Souza, Maria Luiza Ferreir"]
[Result "1-0"]
[WhiteElo "1838"]
[BlackElo "1605"]
[PlyCount "107"]
[EventDate "2015.08.28"]
[EventType "swiss"]
[EventRounds "6"]
[EventCountry "BRA"]
[SourceTitle "EXT 2016"]
[Source "ChessBase"]
[SourceDate "2015.10.08"]
[SourceVersion "1"]
[SourceVersionDate "2015.10.08"]
[SourceQuality "1"]

1. c4 e6 2. Nf3 d5 3. e3 Nf6 4. Be2 c6 5. 0-0 Bd6 6. d4 Nbd7 7. Nc3 0-0 8. b3 Re8 9. Bb2 dxc4 10. Bxc4 b5 11. Bd3 a6 12. Rc1 Bb7 13. Ne4 Nxe4 14. Bxe4 Rc8 15. Qe2 Nf6 16. Bb1 c5 17. e4 Be7 18. Rfd1 cxd4 19. Nxd4 Rxc1 20. Rxc1 Qa8 21. f3 Rc8 22. Qd2 Rd8 23. Qc3 Rc8 24. Qd2 Bc5 25. Kf1 Qb8 26. Ne2 Bb6 27. g3 h6 28. Bxf6 gxf6 29. Qxh6 Rxc1+ 30. Qxc1 Qe5 31. Qc3 Qh5 32. Kg2 e5 33. Bd3 Kg7 34. a4 Qh8 35. axb5 axb5 36. Bxb5 Bc8 37. g4 Qh4 38. Ng3 Be6 39. Bc4 Bd4 40. Qe1 Qh6 41. Bxe6 fxe6 42. b4 Qh8 43. Qc1 Qb8 44. Qc4 Kf7 45. b5 Qb6 46. Qc6 Qxc6 47. bxc6 Bb6 48. h4 Kg6 49. Ne2 Bd8 50. Nc3 f5 51. g5 Kh5 52. Nb5 Kxh4 53. g6 Bf6 54. c7 1-0

[Event "Matinhos Caioba-ch"]
[Site "Matinhos"]
[Date "2015.08.28"]
[Round "1"]
[White "Iurk, Jonel Nazareno"]
[Black "De Souza, Maria Luiza Ferreir"]
[Result "1-0"]
[WhiteElo "2090"]
[BlackElo "1605"]
[PlyCount "47"]
[EventDate "2015.08.28"]
[EventType "swiss"]
[EventRounds "6"]
[EventCountry "BRA"]
[SourceTitle "EXT 2016"]
[Source "ChessBase"]
[SourceDate "2015.10.08"]
[SourceVersion "1"]
[SourceVersionDate "2015.10.08"]
[SourceQuality "1"]

1. d4 d5 2. Nf3 Nf6 3. c4 e6 4. Nc3 c6 5. e3 Nbd7 6. Bd3 Be7 7. 0-0 0-0 8. Qe2 dxc4 9. Bxc4 b5 10. Bd3 a6 11. e4 Bb7 12. e5 Nd5 13. Qe4 g6 14. Bh6 Re8 15. Nxd5 cxd5 16. Qg4 Bf8 17. Bg5 Be7 18. h4 Bxg5 19. Nxg5 h6 20. Nxf7 Qe7 21. Qxg6+ Kf8 22. Nd6 Reb8 23. Qxh6+ Kg8 24. f4 1-0

[Event "Pan American-ch U16 Girls"]
[Site "Cali"]
[Date "2015.06.29"]
[Round "3"]
[White "Sarmiento Mojica, Leidy Carolina"]
[Black "De Souza, Maria Luiza Ferreir"]
[Result "1/2-1/2"]
[WhiteElo "1339"]
[BlackElo "1674"]
[PlyCount "118"]
[EventDate "2015.06.28"]
[EventType "swiss"]
[EventRounds "9"]
[EventCountry "COL"]
[SourceTitle "EXT 2016"]
[Source "ChessBase"]
[SourceDate "2015.10.08"]
[SourceVersion "1"]
[SourceVersionDate "2015.10.08"]
[SourceQuality "1"]

1. e4 c5 2. Nf3 a6 3. d4 cxd4 4. c3 d3 5. Bxd3 e6 6. 0-0 Nc6 7. Be3 Nf6 8. c4 Be7 9. Nc3 0-0 10. Bc2 d6 11. Qe2 Bd7 12. h3 Rc8 13. Nh2 Ne5 14. b3 d5 15. f4 Nc6 16. e5 Ne8 17. cxd5 Nb4 18. Qd2 exd5 19. Rfc1 Nxc2 20. Rxc2 Bf5 21. Rcc1 Ba3 22. Rf1 Bb4 23. Bd4 Qa5 24. Rf3 Be4 25. Rg3 Nc7 26. Qe3 Bxc3 27. Bxc3 Qb5 28. Qd4 Ne6 29. Qf2 Nc5 30. e6 Nxe6 31. f5 d4 32. fxe6 dxc3 33. Qd4 Bg6 34. exf7+ Rxf7 35. Rxc3 Rxc3 36. Qxc3 Qf5 37. Rf1 Qd7 38. Rxf7 Bxf7 39. Nf3 Qc6 40. Qxc6 bxc6 41. Ne5 Bd5 42. g3 Kf8 43. h4 Ke7 44. Nd3 Kd6 45. Kf2 a5 46. Ke3 a4 47. bxa4 Bxa2 48. Kd4 Bd5 49. a5 Bg2 50. Kc3 Kc7 51. Nc5 Kd6 52. Kd4 Bd5 53. Ne4+ Kc7 54. Nc5 Kb8 55. Nd7+ Kb7 56. Kc5 Ka6 57. Nb8+ Kb7 58. Nd7 Ka6 59. Ne5 Kb7 1/2-1/2